<?xml version="1.0" encoding="UTF-8"?><OAI-PMH xmlns="http://www.openarchives.org/OAI/2.0/" xmlns:xsi="http://www.w3.org/2001/XMLSchema-instance"     xsi:schemaLocation="http://www.openarchives.org/OAI/2.0/ http://www.openarchives.org/OAI/2.0/OAI-PMH.xsd"><responseDate>2026-05-17T00:00:58Z</responseDate><request verb="GetRecord" identifier="oai:regmurcia.com:fintegr.1089" metadataPrefix="marc21">http://oai.regmurcia.com/oai2/oai2.php</request><GetRecord><record><header><identifier>oai:regmurcia.com:fintegr.1089</identifier><datestamp>2026-05-17</datestamp><setSpec>documentos</setSpec></header><metadata><record  xmlns="http://www.loc.gov/MARC21/slim" xmlns:xsi="http://www.w3.org/2001/XMLSchema-instance" xsi:schemaLocation="http://www.loc.gov/MARC21/slim http://www.loc.gov/standards/marcxml/schema/MARC21slim.xsd" type="Bibliographic"><leader>00000nam a2200000   4500</leader><controlfield tag="001" >005075577</controlfield><controlfield tag="003" >1089</controlfield><controlfield tag="004" >A00000000</controlfield><datafield tag="245" ind1=" " ind2=" "><subfield code="a">Carta de privilegio y confirmación de los Reyes Católicos al concejo de Cartagena sobre privilegios otorgados por reyes anteriores.</subfield></datafield><datafield tag="300" ind1=" " ind2=" "><subfield code="c">310 x 225 mm.</subfield></datafield><datafield tag="300" ind1=" " ind2=" "><subfield code="a">3 fol.</subfield></datafield><datafield tag="351" ind1=" " ind2=" "><subfield code="a">Unidad Documental simple</subfield><subfield code="c">Archivo de Cartagena. Array</subfield><subfield code="a">Unidad Documental simple</subfield><subfield code="c">Archivo de Cartagena. Array</subfield></datafield><datafield tag="506" ind1=" " ind2=" "><subfield code="a">Acceso restringido</subfield></datafield><datafield tag="510" ind1=" " ind2=" "><subfield code="a">Reg. TORNEL COBACHO, CAYETANO. Las fichas de catálogo de documentos textuales de archivo. Catálogo de documentos medievales del Archivo Municipal de Cartagena. Ayuntamiento de Cartagena: 1990. pp. 54-55</subfield></datafield><datafield tag="520" ind1=" " ind2=" "><subfield code="a">Los Reyes Católicos confirman a la ciudad de Cartagena todos los privilegios, fueros y franquezas que otorgaron los reyes anteriores, insertando cartas de privilegio y confirmación deJuan II dadas en  1409-9-4. Cortes de Toro y 1428-7-12. Valladolid.</subfield></datafield><datafield tag="583" ind1=" " ind2=" "><subfield code="u">http://www.regmurcia.com/servlet/s.Sl?METHOD=VERDOCUMENTO&amp;sit=serv,Carmesi&amp;n=/06/2662/indice.djvu</subfield></datafield><datafield tag="592" ind1=" " ind2=" "><subfield code="a">1488-07-25</subfield></datafield><datafield tag="592" ind1=" " ind2=" "><subfield code="d">1488-07-25 00:00:00</subfield></datafield><datafield tag="651" ind1=" " ind2=" "><subfield code="a">Murcia</subfield></datafield><datafield tag="786" ind1=" " ind2=" "><subfield code="o">http://www.regmurcia.com/servlet/s.Sl?METHOD=VERDOCUMENTO&amp;sit=serv,Carmesi&amp;n=/06/2662/indice.djvu</subfield></datafield><datafield tag="856" ind1=" " ind2=" "><subfield code="u">http://www.regmurcia.com/servlet/s.Sl?METHOD=DETALLE&amp;sit=c,373,m,139,serv,Carmesi&amp;id=1089</subfield></datafield></record></metadata></record></GetRecord></OAI-PMH>
